First Names of Famous Duos - Statistics

General Stats
  • This quiz has been taken 1,141 times
  • The average score is 16 of 36
Answer Stats
Duo Answer % Correct
Holmes & Watson Sherlock
94%
Holmes & Watson John
86%
Hall & Oates John
86%
Stockton & Malone John
85%
Simon & Garfunkel Paul
83%
Simon & Garfunkel Art
78%
Gilbert & Sullivan Arthur
78%
Stockton & Malone Karl
76%
Marx & Engels Karl
76%
Laurel & Hardy Stan
63%
Laurel & Hardy Oliver
55%
Crick & Watson James
46%
Smith & Wesson Daniel
45%
Hall & Oates Daryl
45%
Abbott & Costello Lou
45%
Mulder & Scully Fox
42%
Martin & Lewis Dean
39%
Martin & Lewis Jerry
38%
Key & Peele Keegan-Michael
35%
Mulder & Scully Dana
34%
Marx & Engels Friedrich
34%
Gilbert & Sullivan W.S.
34%
Lewis & Clark Meriwether
33%
Lewis & Clark William
33%
Starsky & Hutch Dave
31%
Key & Peele Jordan
31%
Rodgers & Hammerstein Richard
27%
Abbott & Costello Bud
25%
Rodgers & Hammerstein Oscar
19%
Cagney & Lacey Mary Beth
17%
Goscinny & Uderzo Albert
16%
Crick & Watson Francis
14%
Starsky & Hutch Kenneth
14%
Goscinny & Uderzo Rene
10%
Cagney & Lacey Christine
8%
Smith & Wesson Horace
6%
No matching quizzes found
Score Distribution
Percent of People with Each Score
Percentile by Number Answered
Your Score History
You have not taken this quiz